00934nam a2200253 a 450000100060000000300080000600500170001400800410003103500190007204000350009104100080012608200220013424500940015626000460025030000290029650400510032565000280037665000240040470000350042870000420046394200120050599900170051795201460053434059BD-RjUL20211209052112.0140512r19611957fr a b 001 0 eng d a(BD-RjUL)34153 aVCAVbengcVCAVdXNTUdBD-RjUL aeng04a301220bSOM 196100aSome applications of behavioural research /cedited by Rensis Likert and Samuel P. Hayes. aParis :bUnesco,c1957 [impression 1961]. a333 p. :bill. ;c22 cm. aIncludes bibliographical references and index. 0aHuman behavior.9103512 0aManagement.91035141 aLikert, Rensis,d1903-91035161 aHayes, Samuel Perkins,d1910-9103517 2ddccBK c34059d34059 00102ddc40718NFICaRUCLbRUCLcReadingd1970-07-29eSweets & Zeitlingerg22.00l0o301 SOM 1961r2014-05-12 00:00:00tC-1w2014-05-12yBK